Programy vybudované na základe ČSN používané vo VVÚPrS š.p. Košice

Podrobná bibliografia
Hlavný autor: Munka, Štefan (Autor)
Médium: Článok
Jazyk:slovenčina
Fyzický popis:Lit. 8 zázn. v slov., češ.
Predmet:

MARC

LEADER 00000nab a2200000 a 4500
001 vtls000419138
003 SK-MaSNL
005 20260304224825.0
008 160204c1989 xo 0 slo
015 |a SNBRA19rr/mm-uuuuu 
035 |a CL0419266 
040 |a SNKBUCL  |b slo  |c SNKBUCL  |e AACR2 
041 0 |a slo 
044 |a xo  |c SK 
080 |a 624.15:519.688  |2 1981 
080 |a 519.688  |2 1981 
080 |a 006.77  |2 1981 
100 1 |a Munka, Štefan  |4 aut  |9 587327 
245 1 0 |a Programy vybudované na základe ČSN používané vo VVÚPrS š.p. Košice  |c Štefan Munka 
300 |b Lit. 8 zázn. v slov., češ. 
650 0 7 |a stavebné konštrukcie  |2 SNKPH  |9 3695 
650 0 7 |a statika stavebných konštrukcií  |2 SNKPH  |9 4180 
650 0 7 |a počítačové programy  |2 SNKPH  |9 1222 
655 7 |a články zo zborníkov  |2 SNK  |9 166140 
655 7 |a technické normy  |2 SNKPH  |9 74994 
773 0 |t Normy navrhovania nosných stavebných konštrukcií a výpočtová technika  |d Košice : Dom techniky ČSVTS, 1989 
850 |a Slovenská národná knižnica v Martine  |a MTA001 
852 |a SNK  |b KIS3GCP 
958 |a NB 
958 |a RK 
992 |a RZB 
999 |c 3174371  |d 3176301